000
00270nam a2200097Ia 4500
008
200302s9999 xx 000 0 und d
100
_a
Igreja De S. Paulo & other
245
_a
St. Paul's Church - Fortress of the Monte
260
_b
Imprensa Oficial de Macau
260
_c
1990
999
_c
2297
_d
2297